000 00388nam a2200145Ia 4500
008 240401s2022 xx und d
041 _aeng
082 _a615.19/DAS
245 _aPHARMACOGNOSY AND PHYTOCHEMISTRY -I I
250 _a4
260 _aPUNE
_bNIRALI PRAKSHAN
_c2022
300 _aP.B/5.58
650 _aPHARMACOGNOSY
650 _aPHARMACOGNOSY AND PHYTOCHEMISTRY -I I
999 _c1152217
_d1152217